Biblioteca

Introducing the Apocrypha (Registro nro. 63972)

Detalles MARC
000 -LÍDER
Campo fijo de descripción fija 02625cam a22003494i 4500
001 - NÚMERO DE CONTROL
Campo de control 768714001
003 - IDENTIFICADOR DEL NÚMERO DE CONTROL
Campo de control CO-MdFUSB
005 - FECHA Y HORA DE LA ULTIMA TRANSACCIÓN
control field 20180622073210.0
008 - ELEMENTOS DE LONGITUD FIJA -- INFORMACIÓN GENERAL
Campo fijo de descripción fija -- Información general 011120t2002 miu b 001 0 eng
010 ## - NÚMERO DE CONTROL DE LA BIBLIOTECA DEL CONGRESO
Número de control LC 2001056532
020 ## - NÚMERO INTERNACIONAL NORMALIZADO PARA LIBROS
Número Internacional Normalizado del libro 080102319X
020 ## - NÚMERO INTERNACIONAL NORMALIZADO PARA LIBROS
Número Internacional Normalizado del libro 9780801023194
040 ## - FUENTE DE CATALOGACIÓN
Agencia de catalogación original DLC
Idioma de catalogación eng
Agencia que realiza la transcripción CO-MdFUSB
Agencia que realiza la modificación IGR
-- BAKER
-- NLGGC
-- BTCTA
-- LVB
-- YDXCP
-- IG#
-- DEBBG
-- HALAN
-- DEBSZ
-- EUM
-- OCLCQ
-- OCLCF
-- OCLCO
-- OCLCQ
-- CO-MdFUSB
Convenciones de la descripción rda
041 ## - CÓDIGO DE IDIOMA
Código de idioma para texto/pista de sonido o título separado eng
042 ## - AUTHENTICATION CODE
Authentication code pcc
082 ## - NÚMERO DE CLASIFICACIÓN DECIMAL DEWEY
Número de la edición del Dewey 23
Número de clasificación 229.06
Clave de autor-Numero de item D457i
100 1# - ASIENTO PRINCIPAL--NOMBRE PERSONAL
Nombre personal DeSilva, David Arthur.
Término relacionador autor
245 10 - TÍTULO
Título del Material Introducing the Apocrypha
Parte restante del título - Subtitulo : message, context, and significance
Mención de responsabilidad, etc. / David A. deSilva ; foreword by James H. Charlesworth.
264 #4 - PRODUCCIÓN, PUBLICACIÓN, DISTRIBUCIÓN, MANUFACTURA, Y COPYRIGHT
Lugar de producción, publicación, distribución, manufactura Grand Rapids, Mich :
Nombre del productor, publicador, distribuidor Baker Academic,
Fecha de producción, publicación, distribución, manufactura, o copyright ©2002
300 ## - DESCRIPCIÓN FÍSICA
Extensión 428 páginas
Dimensiones : 24 cm.
336 ## - TIPO DE CONTENIDO
Término de tipo de contenido texto
Código de tipo de contenido txt
Fuente rdacontent.
337 ## - TIPO DE MEDIO
Nombre del tipo de medio sin mediación
Código del tipo de medio n
Fuente rdamedia.
338 ## - TIPO DE SOPORTE
Nombre del tipo de soporte volumen
Código Tipo de soporte nc
Fuente rdacarrier.
504 ## - NOTA DE BIBLIOGRAFÍA, ETC.
Nota de bibliografía, etc Incluye referencias bibliográficas (páginas: 381-395) e índices.
505 00 - NOTA DE CONTENIDO
Título Introduction: The Value of the Apocrypha
-- Historical Context: "The Yoke of the Gentiles"
-- Tobit: "Better Is Almsgiving with Justice"
-- Judith: "Hear Me Also, a Widow"
-- Additions to Esther: "The Aid of the All-Seeing God and Savior"
-- Wisdom of Solomon: "The Righteous Live Forever"
-- Wisdom of Ben Sira: "In All Wisdom There Is the Doing of Torah"
-- Baruch: "Return with Tenfold Zeal to Seek God"
-- Letter of Jeremiah: "They Are Not Gods, So Do Not Fear Them"
Información miscelánea .
Título Additions to Daniel: "Let Them Know That You Alone Are God"
-- 1 Maccabees: "The Family through Which Deliverance Was Given"
-- 2 Maccabees: "There Is Some Power of God about the Place"
-- 1 Esdras: "Leave to Us a Root and a Name"
-- Prayer of Manasseh: "The God of Those Who Repent"
-- Psalm 151: "He Made Me Shepherd of His Flock"
-- 3 Maccabees: "Blessed Be the Deliverer of Israel"
-- 2 Esdras: "The Mighty One Has Not Forgotten"
-- 4 Maccabees: "Noble Is the Contest"
505 00 - NOTA DE CONTENIDO
Nota de contenido con formato preestablecido Contexto histórico -- Tobías: Mejor es limosna con justicia -- Judit: escúchame también a mi, una ventana -- Adición a Ester: "La ayuda de Dios y Dios salvador"-- Sabiduría de salomón: "Los justos viven para siempre" -- La sabiduría de Ben Sira: "En toda sabiduría ha sido hecha la Torá" -- Baruc -- Carta de Jeremías -- Adición a Daniel -- 1 de Macabeos -- 2 de Macabeos -- 1 de Esdras -- Oración de Manases -- Salmo 151 -- 3 de Macabeos -- 2 de Esdras -- 4 de Macabeos
630 #7 - TITULO UNIFORME
Título uniforme Biblia.
Nombre de parte o sección de la obra Apócrifos
Subdivisión de materia general Crítica, interpretación, etc.
653 ## - TÉRMINO DE INDIZACIÓN - NO CONTROLADO
Término no controlado Deuterocanónicos
655 #7 - TERMINO DE INDIZACION - GENERO/FORMA
Datos o término principal de género/forma Criticism, interpretation, etc.
942 ## - TIPO DE MATERIAL (KOHA)
Tipo de Item KOHA Libros General
Existencias
Estado de Material Estado de Perdido Forma de Clasificación Estado de Dañado No para Préstamo Colección Biblioteca de Origen Biblioteca Permanente Fecha de Adquisición Total de Préstamos Signatura Topográfica Código de Barras Última vez visto Ejemplar/Existencia Fecha de Remplazo Tipo de Material
    Dewey Decimal Classification     Colección General Biblioteca FUSBC Biblioteca FUSBC 08/08/2017   G 229.06 D457i 9258 05/02/2024 Ej. 1 08/08/2017 Libros General

Biblioteca FUSBC | Teléfono: (57+4) 349 88 10 Ext. 141| WhatsApp (+57) 3005338115 
E-mail: biblioteca@unisbc.edu.co | Calle 76 87-14 Robledo Palenque, Medellín, Colombia

Con tecnología Koha